Mainzer Stadtteile - Statistiken

Allgemein
  • Dieses Quiz wurde 308 mal gespielt
  • Das Durchschnittsergebnis liegt bei 12 aus 15
Antwortstatistiken
# Stadtteil % Korrekt
1 Altstadt
92%
5 Finthen
89%
13 Neustadt
88%
6 Gonsenheim
86%
12 Mombach
86%
2 Bretzenheim
82%
10 Lerchenberg
79%
8 Hechtsheim
78%
15 Weisenau
77%
14 Oberstadt
75%
9 Laubenheim
69%
7 Hartenberg / Münchfeld
68%
3 Drais
66%
11 Marienborn
59%
4 Ebersheim
58%
Keine übereinstimmenden Quizze gefunden
Verteilung der Resultate
Anzahl Personen mit jedem Resultat
Perzentil nach korrekt beantworteten Fragen
Ihre Resultats-Entwicklung
Sie haben dieses Quiz noch nicht gespielt